Statistiken für Top 15 Länder mit Covid-19-Todesfällen - 7. Juli 2021

Klicken Sie hier um das Quiz zu spielen!

Allgemein

  • Dieses Quiz wurde 18 mal gespielt
  • Das Durchschnittsergebnis liegt bei 15 aus 24

Antwortstatistiken

Land% Korrekt
Vereinigte Staaten
100%
Deutschland
94%
Mexiko
94%
Argentinien
89%
Brasilien
89%
Frankreich
89%
Indien
89%
Italien
89%
Russland
89%
Spanien
83%
Vereinigtes Königreich
83%
Polen
72%
Kolumbien
56%
Iran
50%
Peru
50%
Belgien
39%
Kroatien
39%
Tschechien
39%
Ungarn
28%
Bulgarien
22%
Slowakei
22%
Slowenien
22%
Bosnien und Herzegowina
11%
Nordmazedonien
11%

Verteilung der Resultate

Perzentil nach korrekt beantworteten Fragen

Anzahl Personen mit jedem Resultat

Ihre Resultats-Entwicklung

Sie haben dieses Quiz noch nicht gespielt